Структурные превращения различных марок технического углерода под воздействием импульсного электронного пучка с высокой плотностью энергии; Каучук и резина; № 3

Detalles Bibliográficos
Parent link:Каучук и резина: научно-производственный журнал/ ООО "Издательство "Каучук и резина".— , 1949-1951, 1957-.— 0022-9466
№ 3.— 2013.— С. 30-31
Outros autores: Тренихин М. В., Кряжев Ю. Г., Коваль Н. Н. Николай Николаевич, Тересов А. Д., Протасова О. В., Дроздов В. А., Лихолобов В. А.
Summary:Показана возможность применения импульсного электронного пучка высокой плотности энергии для структурных превращений частиц глобулярного углерода. Получены углеродные наночастицы различных видов
Idioma:ruso
Publicado: 2013
Subjects:
Formato: MixedMaterials Capítulo de libro
KOHA link:https://koha.lib.tpu.ru/cgi-bin/koha/opac-detail.pl?biblionumber=561233

MARC

LEADER 00000naa2a2200000 4500
001 561233
005 20231101122953.0
035 |a (RuTPU)RU\TPU\prd\256417 
090 |a 561233 
100 |a 20160427a2013 k y0rusy50 ca 
101 0 |a rus 
102 |a RU 
200 1 |a Структурные превращения различных марок технического углерода под воздействием импульсного электронного пучка с высокой плотностью энергии  |f М. В. Тренихин [и др.]  |d Structural transformations of different carbon blacks exposed under pulsed high energy density 
320 |a Библиогр.: 9 назв. 
330 |a Показана возможность применения импульсного электронного пучка высокой плотности энергии для структурных превращений частиц глобулярного углерода. Получены углеродные наночастицы различных видов 
461 0 |0 (RuTPU)RU\TPU\prd\1523  |x 0022-9466  |t Каучук и резина  |o научно-производственный журнал  |f ООО "Издательство "Каучук и резина"  |d 1949-1951, 1957- 
463 0 |0 (RuTPU)RU\TPU\prd\194243  |t № 3  |v С. 30-31  |d 2013 
510 1 |a Structural transformations of different carbon blacks exposed under pulsed high energy density  |z eng 
610 1 |a труды учёных ТПУ 
610 1 |a технический углерод 
610 1 |a наноструктуры 
610 1 |a импульсный электронный пучок 
701 1 |a Тренихин  |b М. В. 
701 1 |a Кряжев  |b Ю. Г. 
701 1 |a Коваль  |b Н. Н.  |c специалист в области электроники  |c профессор Томского политехнического университета, доктор технических наук  |f 1948-  |g Николай Николаевич  |2 stltpush  |3 (RuTPU)RU\TPU\pers\31831 
701 1 |a Тересов  |b А. Д. 
701 1 |a Протасова  |b О. В. 
701 1 |a Дроздов  |b В. А. 
701 1 |a Лихолобов  |b В. А. 
801 1 |a RU  |b 63413507  |c 20160427 
801 2 |a RU  |b 63413507  |c 20160427  |g RCR 
942 |c BK